[Event "Linares Anibal op 06th"]
[Site "Linares"]
[Date "1999.01.14"]
[Round "7"]
[White "Grischuk, Alexander"]
[Black "Kalantarian, Norik"]
[Result "1-0"]
[WhiteElo "2490"]
[BlackElo "2415"]
[PlyCount "87"]
[EventDate "1999.01.??"]
[EventType "swiss"]
[EventRounds "10"]
[EventCountry "ESP"]
[SourceTitle "CBM 068 Extra"]
[Source "ChessBase"]
[SourceDate "1999.03.01"]
[SourceVersion "1"]
[SourceVersionDate "1999.03.01"]
[SourceQuality "1"]

1. e4 g6 2. d4 Bg7 3. Nc3 c6 4. f4 d5 5. e5 h5 6. Be3 Nh6 7. Nf3 Bg4 8. h3 Bxf3
9. Qxf3 h4 10. Bd3 e6 11. Ne2 Bf8 12. O-O Nd7 13. b3 Nf5 14. Bf2 Be7 15. c4 Qa5
16. a3 Kf8 17. Rfc1 Kg7 18. Kh2 a6 19. Rc2 b5 20. c5 Qc7 21. a4 Rhb8 22. b4
bxa4 23. Rxa4 Ra7 24. Rca2 Rba8 25. Bxa6 Nb8 26. b5 cxb5 27. Bxb5 Rxa4 28. Rxa4
Rxa4 29. Bxa4 Qa5 30. Qb3 Qd2 31. Qc2 Qb4 32. Qb3 Qd2 33. Qd1 Qa2 34. Bc2 Nc6
35. Qb1 Qa3 36. Bxf5 gxf5 37. Ng1 Nb4 38. Qe1 Nd3 39. Qe3 Qa6 40. Nf3 Nxf2 41.
Qxf2 Qc4 42. Qb2 Bd8 43. Qb8 Ba5 44. Qa7 1-0

[Event "Linares Anibal op 06th"]
[Site "Linares"]
[Date "1999.01.15"]
[Round "8"]
[White "Tiviakov, Sergei"]
[Black "Grischuk, Alexander"]
[Result "1/2-1/2"]
[WhiteElo "2625"]
[BlackElo "2480"]
[Annotator "Tiviakov,S"]
[PlyCount "39"]
[EventDate "1999.01.??"]
[EventType "swiss"]
[EventRounds "10"]
[EventCountry "ESP"]
[SourceTitle "CBM 068 Extra"]
[Source "ChessBase"]
[SourceDate "1999.03.01"]
[SourceVersion "1"]
[SourceVersionDate "1999.03.01"]
[SourceQuality "1"]

1. e4 e5 2. Nf3 Nc6 3. Bb5 a6 4. Ba4 Nf6 5. O-O Be7 6. Qe2 b5 7. Bb3 O-O 8. c3
d5 9. d3 Bb7 10. Re1 Re8 11. Nbd2 Bf8 12. a3 Qd7 13. exd5 Nxd5 14. Ne4 f5 $1
$146 {[Although this move looks dangerous, it is very strong. Black is going
to play 15...Kh8 next.} (14... Rad8 $6 15. Bg5 $1 Be7 (15... f6 $2 16. Bxf6 $1
$18 {loses.}) 16. Rad1 $14 {with better chances for White took place in the
game Short,N-Almasi,Z/Wijk aan Zee (open) ;Inf 62/381 1995.}) (14... h6 $2 {
is impossible because of} 15. Bxh6 $18 {, winning.}) (14... f6 $6 15. c4 Na5 $1
16. Ba2 bxc4 17. dxc4 Nf4 18. Bxf4 exf4 19. Qc2 $16 {is bad for Black
according to Short.}) (14... Na5 {(Short considers it to be the best move in
the position)} 15. Ba2 c5 16. b4 cxb4 17. axb4 Nc6 {allows White to develop
the strong attack after} 18. Nfg5 $40 {. With only 2 games having been played,
it is not possible to reach a definite conclusion on the assessment of this
sharp position, although in both of the games Black was not able to stand even
10 moves against the force of the attack.} f6 (18... h6 19. Qh5 Rad8 20. Nf3
Nf4 21. Bxf4 exf4 22. Neg5 Rxe1+ 23. Rxe1 Qf5 24. Bxf7+ Kh8 25. Be6 {1-0
Estrada,Nieto Julian-Toth,Adrienn/Budapest (Hungary) 1995}) 19. Nxh7 Kxh7 20.
Qh5+ Kg8 21. Re3 Nce7 22. Rh3 Qe6 23. Bg5 fxg5 24. Nxg5 {1-0 Diaz Joaquin,
C-Van Riemsdijk,Herman C/Habana (Cuba) 1991}) 15. Ba2 $5 {[White doesn't have
a centre, so his chances lie in the attack against the Black king. Since any
direct approach here fails, White has to make a useful move, unfortunately not
so easy to find. Please note that 15.Ng3 g6 and 15.Nfg5 h6 are both not
satisfactory for him, while after} (15. Nh4 Na5 $1 16. Ba2 fxe4 17. dxe4 Nc4
18. exd5 Bxd5 $36 {it is Black, who has the initiative and stands slightly
better. So, it seems to be, that there is nothing left but to play 15.Ba2,
moving away the bishop from the possible attack after Nc6-a5.}) 15... Kh8 $1
16. Nfg5 {[Forces the draw, but White has nothing better at his disposal.]} h6
(16... fxe4 $2 {is not possible, since after} 17. dxe4 {he can't play} Nf6 {
because of} 18. Nf7+ Kg8 19. Nxe5+ {.}) 17. Qh5 (17. Qf3 $2 {is impossible:
after} fxe4 18. dxe4 (18. Nf7+ Kg8) 18... Nf6 19. Nf7+ Kh7 {White loses.}) (17.
Nd6 $6 cxd6 18. Bxd5 Nd4 $17 {is not good for White, either.}) 17... fxe4 18.
dxe4 {[After} (18. Nf7+ Kg8 $1 19. dxe4 Qxf7 20. Bxd5 {Black has} Re6 $17 {
with advantage at his disposal.}) 18... Nf6 19. Nf7+ Kh7 20. Ng5+ 1/2-1/2

[Event "Linares Anibal op 06th"]
[Site "Linares"]
[Date "1999.01.16"]
[Round "9"]
[White "Grischuk, Alexander"]
[Black "Delchev, Aleksander"]
[Result "1/2-1/2"]
[WhiteElo "2490"]
[BlackElo "2575"]
[PlyCount "71"]
[EventDate "1999.01.??"]
[EventType "swiss"]
[EventRounds "10"]
[EventCountry "ESP"]
[SourceTitle "CBM 068 Extra"]
[Source "ChessBase"]
[SourceDate "1999.03.01"]
[SourceVersion "1"]
[SourceVersionDate "1999.03.01"]
[SourceQuality "1"]

1. e4 e6 2. d4 d5 3. Nd2 Nf6 4. e5 Nfd7 5. f4 c5 6. c3 Nc6 7. Ndf3 Qb6 8. a3 a5
9. g3 a4 10. Ne2 Be7 11. Bh3 cxd4 12. cxd4 Qb3 13. Qxb3 axb3 14. Bd2 Nb6 15.
Bc3 Na4 16. Rc1 b5 17. Kf2 O-O 18. Nd2 b4 19. axb4 Nxb4 20. Bxb4 Bxb4 21. Nxb3
Nxb2 22. Ra1 Ba6 23. Rhb1 Bxe2 24. Kxe2 Rxa1 25. Rxa1 g6 26. Rb1 Na4 27. Ke3
Rb8 28. Bf1 Bc3 29. Bd3 Rb4 30. Bc2 Nb2 31. g4 Ra4 32. h4 Ra2 33. Nc1 Ra3 34.
Nb3 Ra2 35. Nc1 Ra3 36. Nb3 1/2-1/2

[Event "Ubeda op 4th"]
[Site "Ubeda"]
[Date "1999.01.22"]
[Round "3"]
[White "Grischuk, Alexander"]
[Black "Hamdouchi, Hicham"]
[Result "1/2-1/2"]
[WhiteElo "2490"]
[BlackElo "2555"]
[PlyCount "55"]
[EventDate "1999.01.??"]
[EventType "swiss"]
[EventRounds "10"]
[EventCountry "ESP"]
[SourceTitle "CBM 068 Extra"]
[Source "ChessBase"]
[SourceDate "1999.03.01"]
[SourceVersion "1"]
[SourceVersionDate "1999.03.01"]
[SourceQuality "1"]

1. e4 c5 2. Nf3 Nc6 3. d4 cxd4 4. Nxd4 Nf6 5. Nc3 e5 6. Ndb5 d6 7. Bg5 a6 8.
Na3 b5 9. Bxf6 gxf6 10. Nd5 Bg7 11. c3 f5 12. exf5 Bxf5 13. Nc2 Be6 14. g3 O-O
15. Bg2 Rb8 16. O-O a5 17. a3 Kh8 18. Qh5 f5 19. Rad1 Ne7 20. Rd2 Ng6 21. Nce3
Qd7 22. f4 exf4 23. gxf4 Qd8 24. Kh1 Nh4 25. Bh3 Rb7 26. Ng2 Ng6 27. Nge3 Nh4
28. Ng2 1/2-1/2

[Event "Ubeda op 4th"]
[Site "Ubeda"]
[Date "1999.01.23"]
[Round "4"]
[White "Kazhgaleyev, Murtas"]
[Black "Grischuk, Alexander"]
[Result "0-1"]
[WhiteElo "2550"]
[BlackElo "2490"]
[PlyCount "104"]
[EventDate "1999.01.??"]
[EventType "swiss"]
[EventRounds "10"]
[EventCountry "ESP"]
[SourceTitle "CBM 068 Extra"]
[Source "ChessBase"]
[SourceDate "1999.03.01"]
[SourceVersion "1"]
[SourceVersionDate "1999.03.01"]
[SourceQuality "1"]

1. e4 e5 2. Nf3 Nc6 3. Bc4 Bc5 4. c3 Nf6 5. d3 a6 6. Nbd2 O-O 7. Nf1 Ng4 8. d4
exd4 9. cxd4 Bb4+ 10. N1d2 Nf6 11. d5 Ne7 12. O-O d6 13. a3 Bc5 14. b4 Ba7 15.
Bb2 Ng6 16. h3 Re8 17. Re1 Nh5 18. Bf1 Bd7 19. Rc1 Rc8 20. Nc4 Nhf4 21. Bd4
Bxd4 22. Qxd4 Bb5 23. g3 Nh5 24. Re3 Nf6 25. Na5 Bxf1 26. Kxf1 c5 27. dxc6 bxc6
28. Qa7 Nxe4 29. Nxc6 Qf6 30. Qd4 Qf5 31. Kg2 d5 32. a4 h5 33. h4 Qg4 34. Kh2
Qf5 35. b5 axb5 36. axb5 Ra8 37. Nb4 Nf6 38. Kg2 Re4 39. Qd3 Nf4+ 40. gxf4 Qg4+
41. Kf1 Rxb4 42. Rb1 Qh3+ 43. Kg1 Rxf4 44. Ne5 Qxh4 45. Rg3 Rxf2 46. Kxf2 Ne4+
47. Kg1 Nxg3 48. Qxd5 Ne2+ 49. Kf1 Qf4+ 50. Nf3 Ng3+ 51. Kg2 Re8 52. Rb2 Nf5
0-1

[Event "Ubeda op 4th"]
[Site "Ubeda"]
[Date "1999.01.24"]
[Round "5"]
[White "Grischuk, Alexander"]
[Black "Gaprindashvili, Valerian"]
[Result "1/2-1/2"]
[WhiteElo "2490"]
[BlackElo "2405"]
[PlyCount "55"]
[EventDate "1999.01.??"]
[EventType "swiss"]
[EventRounds "10"]
[EventCountry "ESP"]
[SourceTitle "CBM 068 Extra"]
[Source "ChessBase"]
[SourceDate "1999.03.01"]
[SourceVersion "1"]
[SourceVersionDate "1999.03.01"]
[SourceQuality "1"]

1. e4 e6 2. d4 d5 3. Nd2 dxe4 4. Nxe4 Nd7 5. Bd3 Ngf6 6. Qe2 c5 7. Nxf6+ Nxf6
8. dxc5 Bxc5 9. Nf3 O-O 10. Bg5 h6 11. Bh4 Qa5+ 12. Kf1 Be7 13. g4 Rd8 14. g5
hxg5 15. Bxg5 e5 16. h4 e4 17. Bxf6 Bxf6 18. Qxe4 Be6 19. Ng5 Qd5 20. Qh7+ Kf8
21. Nxe6+ fxe6 22. Rh3 Ke7 23. Re1 Kd6 24. b3 Kc7 25. Re4 Rac8 26. h5 Kb8 27.
Rf3 Rh8 28. Qg6 1/2-1/2

[Event "Bled op 20th"]
[Site "Bled"]
[Date "1999.03.21"]
[Round "2"]
[White "Savanovic, Aleksandar"]
[Black "Grischuk, Alexander"]
[Result "1/2-1/2"]
[WhiteElo "2435"]
[BlackElo "2482"]
[PlyCount "39"]
[EventDate "1999.03.20"]
[EventType "swiss"]
[EventRounds "9"]
[EventCountry "SLO"]
[SourceTitle "CBM 069 Extra"]
[Source "ChessBase"]
[SourceDate "1999.05.10"]
[SourceVersion "1"]
[SourceVersionDate "1999.05.10"]
[SourceQuality "1"]

1. e4 c5 2. Nf3 Nc6 3. d4 cxd4 4. Nxd4 Nf6 5. Nc3 d6 6. Be2 e5 7. Nf3 h6 8. O-O
Be7 9. Re1 O-O 10. h3 Be6 11. Bf1 Qa5 12. Bd2 Qd8 13. Bc1 Nb8 14. b3 a6 15. Bb2
Nbd7 16. a4 Rc8 17. Nd2 Qc7 18. Nc4 Qc6 19. Ne3 Rfe8 20. Bd3 1/2-1/2

[Event "Bled op 20th"]
[Site "Bled"]
[Date "1999.03.22"]
[Round "3"]
[White "Grischuk, Alexander"]
[Black "Maric, Alisa"]
[Result "1/2-1/2"]
[WhiteElo "2482"]
[BlackElo "2481"]
[PlyCount "52"]
[EventDate "1999.03.20"]
[EventType "swiss"]
[EventRounds "9"]
[EventCountry "SLO"]
[SourceTitle "CBM 069 Extra"]
[Source "ChessBase"]
[SourceDate "1999.05.10"]
[SourceVersion "1"]
[SourceVersionDate "1999.05.10"]
[SourceQuality "1"]

1. e4 c6 2. d4 d5 3. Nc3 dxe4 4. Nxe4 Nd7 5. Ng5 Ngf6 6. Bd3 e6 7. N1f3 Bd6 8.
Qe2 h6 9. Ne4 Nxe4 10. Qxe4 Nf6 11. Qe2 Qc7 12. Bd2 b6 13. O-O-O Bb7 14. Rhe1
O-O-O 15. Ba6 b5 16. Bxb7+ Kxb7 17. Kb1 Ka8 18. Rc1 Rb8 19. c4 bxc4 20. Rxc4
Rb5 21. Rec1 Rhb8 22. R1c2 Qb7 23. Bc1 Rc8 24. Ne1 Nd5 25. Nd3 Nb6 26. R4c3 Nd5
1/2-1/2

[Event "Bled op 20th"]
[Site "Bled"]
[Date "1999.03.24"]
[Round "5"]
[White "Grischuk, Alexander"]
[Black "Mazi, Leon"]
[Result "1-0"]
[WhiteElo "2482"]
[BlackElo "2405"]
[PlyCount "83"]
[EventDate "1999.03.20"]
[EventType "swiss"]
[EventRounds "9"]
[EventCountry "SLO"]
[SourceTitle "CBM 069 Extra"]
[Source "ChessBase"]
[SourceDate "1999.05.10"]
[SourceVersion "1"]
[SourceVersionDate "1999.05.10"]
[SourceQuality "1"]

1. e4 e5 2. Nf3 Nc6 3. Bb5 a6 4. Ba4 Nf6 5. O-O Be7 6. Re1 b5 7. Bb3 d6 8. c3
O-O 9. h3 Nb8 10. d4 Nbd7 11. Nbd2 Bb7 12. Bc2 Re8 13. Nf1 Bf8 14. Ng3 g6 15.
b3 c6 16. Bg5 h6 17. Be3 Bg7 18. Qd2 Kh7 19. Rad1 Qe7 20. Nh2 Nf8 21. f4 Ne6
22. fxe5 dxe5 23. dxe5 Ng8 24. Nf5 Qc7 25. Nxg7 Kxg7 26. Qf2 Re7 27. Qg3 c5 28.
Rd6 Rae8 29. Ng4 Rc8 30. Rf1 b4 31. c4 Nd4 32. Bd3 Bxe4 33. Qh4 g5 34. Bxg5
hxg5 35. Qxg5+ Bg6 36. Bxg6 fxg6 37. Rxg6+ Kh8 38. Nh6 Rg7 39. Rxg7 Qxg7 40.
Nf7+ Kh7 41. Qh5+ Nh6 42. Nxh6 1-0

[Event "Biel MTO op"]
[Site "Biel"]
[Date "1999.07.20"]
[Round "1"]
[White "Balenovic, Zvonimir"]
[Black "Grischuk, Alexander"]
[Result "0-1"]
[WhiteElo "2288"]
[BlackElo "2549"]
[PlyCount "54"]
[EventDate "1999.07.??"]
[EventType "swiss"]
[EventRounds "11"]
[EventCountry "SUI"]
[SourceTitle "EXT 2000"]
[Source "ChessBase"]
[SourceDate "1999.11.16"]
[SourceVersion "1"]
[SourceVersionDate "1999.11.16"]
[SourceQuality "1"]

1. e4 e5 2. Nf3 Nc6 3. d4 exd4 4. c3 dxc3 5. Bc4 d6 6. Nxc3 Nf6 7. O-O Be7 8.
Nd5 O-O 9. Nxe7+ Qxe7 10. Re1 Bg4 11. Bg5 h6 12. Bh4 Ne5 13. Be2 Ng6 14. Bxf6
Qxf6 15. Qb3 Nf4 16. Bf1 Nh3+ 17. gxh3 Bxf3 18. Bg2 Bxg2 19. Kxg2 Rfe8 20. Rac1
c5 21. Qxb7 Rab8 22. Qc6 Re5 23. b3 Rg5+ 24. Kf1 Qf3 25. Qxd6 Re8 26. Rc4 Rg2
27. Re2 Rg6 0-1

[Event "Biel MTO op"]
[Site "Biel"]
[Date "1999.07.21"]
[Round "2"]
[White "Grischuk, Alexander"]
[Black "Cherniaev, Alexander"]
[Result "0-1"]
[WhiteElo "2549"]
[BlackElo "2432"]
[PlyCount "68"]
[EventDate "1999.07.??"]
[EventType "swiss"]
[EventRounds "11"]
[EventCountry "SUI"]
[SourceTitle "EXT 2000"]
[Source "ChessBase"]
[SourceDate "1999.11.16"]
[SourceVersion "1"]
[SourceVersionDate "1999.11.16"]
[SourceQuality "1"]

1. e4 g6 2. d4 Bg7 3. Nc3 d6 4. f4 Nf6 5. Nf3 O-O 6. Bd3 Na6 7. O-O c5 8. d5
Bg4 9. Kh1 Rb8 10. Qe1 Nb4 11. Qh4 Nxd3 12. cxd3 Bxf3 13. Rxf3 h6 14. f5 g5 15.
Bxg5 hxg5 16. Qxg5 Nh7 17. Qg4 e5 18. Rg3 Qf6 19. Rf1 Kh8 20. Rh3 Bh6 21. Qh5
Kg7 22. Rg3+ Kh8 23. Rh3 Kg7 24. Rff3 Rh8 25. Rfg3+ Bg5 26. Rg4 Rbg8 27. Rhg3
Kf8 28. Rh3 Ke7 29. Rgg3 Nf8 30. Qd1 Nd7 31. Qb3 Rxh3 32. Rxh3 Bd2 33. Qc2 Qg5
34. Rg3 Qxg3 0-1

[Event "Biel MTO op"]
[Site "Biel"]
[Date "1999.07.22"]
[Round "3"]
[White "Bozinovic, Bogdan"]
[Black "Grischuk, Alexander"]
[Result "1/2-1/2"]
[WhiteElo "2288"]
[BlackElo "2549"]
[PlyCount "91"]
[EventDate "1999.07.??"]
[EventType "swiss"]
[EventRounds "11"]
[EventCountry "SUI"]
[SourceTitle "EXT 2000"]
[Source "ChessBase"]
[SourceDate "1999.11.16"]
[SourceVersion "1"]
[SourceVersionDate "1999.11.16"]
[SourceQuality "1"]

1. d4 d5 2. c4 e6 3. Nc3 c6 4. e3 Nf6 5. Nf3 Nbd7 6. Qc2 Bd6 7. Be2 O-O 8. O-O
dxc4 9. Bxc4 Qe7 10. e4 e5 11. h3 exd4 12. Nxd4 Ne5 13. Be2 Ng6 14. f4 Re8 15.
Nf5 Bc5+ 16. Kh2 Bxf5 17. exf5 Nf8 18. Bf3 Rad8 19. Bd2 Be3 20. Bxe3 Qxe3 21.
Kh1 Rd2 22. Qb3 Qb6 23. Qxb6 axb6 24. b4 Re3 25. Rac1 b5 26. a4 bxa4 27. Nxa4
Rd4 28. Rb1 Rxf4 29. Nc5 b6 30. Na6 Rc3 31. Rfc1 Rfc4 32. Rxc3 Rxc3 33. Nb8 c5
34. bxc5 bxc5 35. Rb6 Rc1+ 36. Kh2 c4 37. Rc6 h5 38. Rc8 g5 39. fxg6 fxg6 40.
Nc6 N6d7 41. Nd4 Kg7 42. Ne2 Rc2 43. Nd4 Rd2 44. Rxc4 Ne5 45. Rb4 Nfd7 46. Ba8
1/2-1/2

[Event "Biel MTO op"]
[Site "Biel"]
[Date "1999.07.24"]
[Round "5"]
[White "Gurieli, Nino"]
[Black "Grischuk, Alexander"]
[Result "0-1"]
[WhiteElo "2351"]
[BlackElo "2549"]
[PlyCount "58"]
[EventDate "1999.07.??"]
[EventType "swiss"]
[EventRounds "11"]
[EventCountry "SUI"]
[SourceTitle "EXT 2000"]
[Source "ChessBase"]
[SourceDate "1999.11.16"]
[SourceVersion "1"]
[SourceVersionDate "1999.11.16"]
[SourceQuality "1"]

1. e4 c5 2. Nf3 Nc6 3. c3 Nf6 4. e5 Nd5 5. d4 cxd4 6. Bc4 Nb6 7. Bb3 g6 8. cxd4
Bg7 9. Bf4 d6 10. Nc3 O-O 11. h3 dxe5 12. dxe5 Be6 13. O-O Qxd1 14. Rfxd1 Bxb3
15. axb3 Rfd8 16. Kf1 Rac8 17. Ke2 Nd7 18. Rd5 e6 19. Rb5 Rc7 20. Rd1 a6 21.
Nd5 exd5 22. Rbxd5 Ncb8 23. e6 Rc2+ 24. Kd3 Rc5 25. Rxc5 Nxc5+ 26. Kc4 Rc8 27.
exf7+ Kxf7 28. Ng5+ Kg8 29. Bc7 Rxc7 0-1

[Event "Biel MTO op"]
[Site "Biel"]
[Date "1999.07.27"]
[Round "8"]
[White "Grischuk, Alexander"]
[Black "Handke, Florian"]
[Result "1-0"]
[WhiteElo "2549"]
[BlackElo "2361"]
[PlyCount "69"]
[EventDate "1999.07.??"]
[EventType "swiss"]
[EventRounds "11"]
[EventCountry "SUI"]
[SourceTitle "EXT 2000"]
[Source "ChessBase"]
[SourceDate "1999.11.16"]
[SourceVersion "1"]
[SourceVersionDate "1999.11.16"]
[SourceQuality "1"]

1. e4 c5 2. Nf3 Nc6 3. Bb5 g6 4. O-O Bg7 5. Re1 Nf6 6. Nc3 O-O 7. e5 Ne8 8.
Bxc6 dxc6 9. d3 Nc7 10. h3 Be6 11. Bg5 Re8 12. Qc1 Bd5 13. Ne4 Ne6 14. Bh6 f5
15. exf6 exf6 16. Bxg7 Kxg7 17. Qd2 Nd4 18. Nh2 Bxe4 19. dxe4 Ne6 20. Qe3 Qd4
21. Qb3 Qb4 22. Qg3 Re7 23. Ng4 h5 24. c3 Qxb2 25. Ne3 Ng5 26. e5 Rxe5 27. Nc4
Rxe1+ 28. Rxe1 Qxa2 29. Re7+ Kh6 30. Nd6 Rf8 31. Qf4 Qa1+ 32. Kh2 Qd1 33. h4
Qg4 34. hxg5+ Qxg5 35. Nf7+ 1-0

[Event "Chigorin Memorial 07th"]
[Site "St Petersburg"]
[Date "1999.11.02"]
[Round "1"]
[White "Grischuk, Alexander"]
[Black "Feoktistov, Alexey A"]
[Result "1-0"]
[WhiteElo "2549"]
[BlackElo "2359"]
[PlyCount "111"]
[EventDate "1999.11.02"]
[EventType "swiss"]
[EventRounds "9"]
[EventCountry "RUS"]
[SourceTitle "CBM 074"]
[Source "ChessBase"]
[SourceDate "2000.02.01"]
[SourceVersion "1"]
[SourceVersionDate "2000.02.01"]
[SourceQuality "1"]

1. e4 e5 2. Nf3 Nc6 3. Bb5 a6 4. Ba4 Nf6 5. O-O Be7 6. Re1 b5 7. Bb3 O-O 8. h3
d6 9. c3 Na5 10. Bc2 c5 11. d4 Qc7 12. Nbd2 cxd4 13. cxd4 Bb7 14. d5 Rfc8 15.
Bb1 Nc4 16. Nf1 Qa5 17. Bd3 Nd7 18. Ng3 g6 19. a3 Qd8 20. b3 Ncb6 21. Bd2 Qf8
22. Nh2 Nf6 23. Be3 Nbd7 24. Qd2 Nc5 25. Bc2 Qd8 26. Kh1 Rc7 27. Rf1 Rac8 28.
b4 Ncd7 29. Bd3 Rc3 30. Ne2 R3c4 31. f3 R4c7 32. a4 bxa4 33. Rxa4 Nh5 34. Kg1
Nb8 35. Bb6 Qe8 36. Rfa1 Rd7 37. b5 a5 38. Rxa5 Bd8 39. Bxd8 Qxd8 40. Qe3 Rc5
41. Ng4 Qb6 42. Kh2 Rd8 43. R5a3 Qc7 44. b6 Qc8 45. f4 Nd7 46. fxe5 dxe5 47.
Ra7 Qb8 48. Ng3 Nf4 49. Nf6+ Nxf6 50. Qxc5 N6xd5 51. exd5 Nxd3 52. Qe7 Bxd5 53.
b7 Kg7 54. Ra8 Qxb7 55. Qxb7 Rxa8 56. Qxd5 1-0